000 00955nam a2200289 i 4500
001 000014911
003 DO-SdBNP
005 20240412074242.0
007 ta
008 100127s2005 dr 000 p spa d
020 _a9945028006
040 _aDO-SdBNP
_bspa
_cBNPHU
_erda
082 4 _aRD861.44
_bP434s
_222
100 1 _aPerelló, Ramón Lorenzo,
_d1924-
_925958
_eautor
245 1 3 _aEl sonetario de los santiagueros ilustres /
_cRamón Lorenzo Perelló.
264 _aSanto Domingo :
_bFundación Pro-Cultura Dominicana,
_c2005.
300 _a132 páginas ;
_c21 cm.
336 _2rdacontent
_atexto
_btxt
337 _2rdamedia
_asin mediación
_bnc
338 _2rdacarrier
_avolumen
_bn
500 _aIncluye datos biográficos del autor en la contracubierta
590 _aInventariado, 2023/BT
650 0 _aLiteratura dominicana.
_967
650 4 _aPoesía dominicana
_966
910 _aValidado. Control de calidad MFF
942 _2ddc
_cLBS1
999 _c14491
_d14491